000
00234nam a2200097Ia 4500
008
190216s9999||||xx |||||||||||||| ||und||
100
_a
Lakshmi Chandra Kuran
245
0
_a
Hindi-Gadhya Rasanavali
260
_b
Nbs Kottayam
942
_c
BK
999
_c
17376
_d
17376